| 000 | 00000nam##2200000za#4500 |
| 001 | 9.632312 |
| 003 | CaOODSP |
| 005 | 20260106135602 |
| 007 | cr ||||||||||| |
| 008 | 150407|2005||||xxc|||||o f|0| 0 fre|d |
| 020 | |a0-662-70572-6 |
| 040 | |aCaOODSP|bfre |
| 043 | |an-cn--- |
| 086 | 1 |aM39-116/2-2005F-PDF |
| 110 | 2 |aCentre de la technologie de l'eĢnergie de CANMET (Canada) |
| 245 | 10|aProfil de projet d'innovation technologique en réfrigération - Colisée des Bois-Francs de Victoriaville (Québec) : |h[ressource électronique]|bréfection majeure |
| 260 | |aMontréal - Québec : |bRessources naturelles Canada. |c[2005], c2004. |
| 300 | |a8p.|bgraphique |
| 500 | |a«PARB Le programme d'action en réfrigération pour les bâtiments (PARB) encourage l'adoption de nouvelles pratiques de réfrigération qui permettent de réduire les émissions de gaz à effet de serre provenant de l'utilisation plus efficiente de l'énergie et de la diminution des fuites de réfrigérants, dans les arénas, les curlings et les supermarchés.»--Page 8 de 8. |
| 590 | |a12-32-Supp|b2012-07-11 |
| 691 | 07|aÉquipement de réfrigération|2gcpds |
| 775 | 08|tProject profile - Refrigeration technological innovation : Colisée des Bois-Francs, Victoriaville (Québec) : |w(CaOODSP)9.687872 |
| 856 | 40|ahttp://publications.gc.ca|qPDF|s688 Ko|uhttps://publications.gc.ca/collections/collection_2012/rncan-nrcan/M39-116-2-2005-fra.pdf |